000 00565nam a2200229Ia 4500
003 OSt
005 20220918180032.0
006 a|||||r|||| 00| 0
007 ta
008 220917b |||||||| |||| 00| 0 eng d
024 _a20,329
037 _cTextual
040 _aARTS
_cARTS
_beng
041 _2eng
_aeng
082 _aO:1:9N, J4 (TTO)
100 _aRead Herbert
245 0 _aTrue voide of felling
260 _c1954
650 _aENGLISH LITERATURE
942 _hO:1:9N, J4 (TTO)
_cTEXL
_2CC
999 _c160063
_d160063